000 00469nam a2200181Ia 4500
001 9136
005 20260306160701.0
008 260306t2013||||xx |||||||||||||| ||spa||
041 _aESP
082 _a372.86071
_bG45
100 _aGil Madrona, Pedro
_eAUT
245 0 _aDesarrollo curricular de la educación física en la educación infantil
260 _c2013
300 _a156 páginas :
_c24 cm.
650 _aGEN
654 _aCED
942 _cLIB
_dJUS
_fJUS
_2ddc
_n
999 _c9136
_d9136